00910nam a22002657a 45000010005000000030006000050050017000110080041000280200018000690400029000870500013001160820008001291000027001372450058001642500022002222600035002443000045002795050007003245200196003315210019005275210018005466500022005646500026005867000032006125272FISKH20250519095616.0241122b cb ||||| |||| 00| 0 eng d a9780545265058 aFISKHbengcFISKHdFISKH aPZ7.H389 a598 aHenkes, Kevind(1960-) aBirds /cby Kevin Henkes Illustrated by Laura Dronzek aPublished in 2009 aNew York :bScholastic,c2009. a29 pages :bcolor illustrations ;c26 cm aG  aFascinated by the colors, shapes, sounds, and movements of the many different birds she sees through her window, a little girl is happy to discover that she and they have something in common.8 a410 bLexile 8 aG bRaz-Plus  2HardcoveraNature 2Picture bookaAnimals aDronzek, LauradIllustrator